000 00846nam a22002897a 4500
001 BR8403687
003 BR-BrBNA
005 20230928091956.0
007 ta
008 230509b bl.||||| |||| 00| 0 por d
040 _aBR-BrBNA
_bpor
_cBiblioteca Nacional de Agricultura
041 _a(Por)
072 _aF24
_b/G514
090 _ F24 BR8403687
100 1 _aSilva, B.C.N.
110 1 _aSecretaria do Planejamento, Ciencia e Tecnologia, Salvador, BA (Brasil). Centro de Estatistica e Informacoes
_99094
245 1 _aFolhas topograficas do Estado da Bahia [mapa, Brasil]
250 1 _a2. ed.
260 3 _aSalvador, BA (Brasil):
_c1984.
300 _a38 p.
500 _aMap, in portfolio; scale 1:2000,000
650 _aMAPA
650 _aTOPOGRAFIA
650 _aBAHIA
909 _a202309
_bLucia
_c55
_dLucia Elande
942 _cBK
999 _c36507
_d36507